Administración de la producción y las operaciones (Registro nro. 2634)

Detalles MARC
000 -LEADER
fixed length control field 01929 a2200229 4500
001 - CONTROL NUMBER
control field 36307
005 - DATE AND TIME OF LATEST TRANSACTION
control field 20260407155639.0
008 - FIXED-LENGTH DATA ELEMENTS--GENERAL INFORMATION
fixed length control field 260407a1978 arg spa d
003 - CONTROL NUMBER IDENTIFIER
control field AR-UNSa-BCEJYS
040 ## - CATALOGING SOURCE
Original cataloging agency AR-UNSa-BCEJYS
Language of cataloging spa
Transcribing agency AR-UNSa-BCEJYS
080 ## - UNIVERSAL DECIMAL CLASSIFICATION NUMBER
Universal Decimal Classification number 658.5
Common auxiliary subdivision Planificación y control de la producción<br/>
041 ## - LANGUAGE CODE
Language code of text/sound track or separate title spa
100 1# - MAIN ENTRY--PERSONAL NAME
Personal name Adam, Everett E., Jr.
245 10 - TITLE STATEMENT
Title Administración de la producción y las operaciones
Name of part/section of a work conceptos, modelos y comportamiento humano
264 #1 - PRODUCTION, PUBLICATION, DISTRIBUTION, MANUFACTURE, AND COPYRIGHT NOTICE
Place of production, publication, distribution, manufacture Bogotá :
Name of producer, publisher, distributor, manufacturer Prentice/Hall Internacional
Date of production, publication, distribution, manufacture, or copyright notice 1978
300 ## - PHYSICAL DESCRIPTION
Extent xii, 791 p.
Dimensions 24 cm.
505 ## - FORMATTED CONTENTS NOTE
Formatted contents note I.: Administración y operaciones: 1. Administración - 2. Administración de operaciones - 3. Análisis de operaciones - II.: Planeación del sistema de conversión: 4. Planeación de las operaciones - 5. Planeación de la capacidad - 6. Planeación de la localización de las instalaciones - 7. Planeación de la distribución interna - III.: Organización para la conversión: 8. Organización y provisión del personal para las operaciones - 9. Diseño del trabajo, estándares de producción/operaciones y medición del trabajo - IV.: Planeación del uso del sistema de conversión: 10. Pronóstico - 11. Planeación y programación agregada o de conjunto - 12. Programación intermitente - 13. Planeación y programación de proyectos - V.: Control del sistema de conversión: 14. Control de las operaciones - 15. Fundamentos del control de inventarios - 16. Aplicaciones del control de inventarios - 17. Control de calidad - VI.: Administración de la dinámica de las operciones: 18. El proceso de conversión en una atmósfera de cambio - 19. Enfoques racionales para enfrentar el cambio - 20. Respuestas del comportamiento humano al cambio - 21. Administración de las operaciones en el futuro.
590 ## - LOCAL NOTE (RLIN)
Local note niveau_biblio:m niveau_hierar:0
700 1# - ADDED ENTRY--PERSONAL NAME
Personal name Ebert, Ronald J.
700 1# - ADDED ENTRY--PERSONAL NAME
Personal name Betancourt, Alberto Leon
942 ## - ADDED ENTRY ELEMENTS (KOHA)
Koha item type
Existencias
Withdrawn status Lost status Damaged status Not for loan Home library Current library Shelving location Date acquired Total checkouts Full call number Barcode Date last seen Price effective from Koha item type
        Biblioteca Prof. Eusebio Cleto del Rey Biblioteca Prof. Eusebio Cleto del Rey   07/04/2026   658.5 A193 L45126 07/04/2026 07/04/2026 Libro
        Biblioteca Prof. Eusebio Cleto del Rey Biblioteca Prof. Eusebio Cleto del Rey   07/04/2026   658.5 A193 L45127 07/04/2026 07/04/2026 Libro
        Biblioteca Prof. Eusebio Cleto del Rey Biblioteca Prof. Eusebio Cleto del Rey   07/04/2026   658.5 A193 L45124 07/04/2026 07/04/2026 Libro
        Biblioteca Prof. Eusebio Cleto del Rey Biblioteca Prof. Eusebio Cleto del Rey   07/04/2026   658.5 A193 L45125 07/04/2026 07/04/2026 Libro